Statistics for AS Roma - Top 10 Goalscorers by season

Click here to take the quiz!

General Stats

  • This quiz has been taken 35 times
  • The average score is 31 of 58

Answer Stats

Answer% Correct
Edin Dzeko
96%
Henrikh Mkhitaryan
96%
Tammy Abraham
96%
Francesco Totti
92%
Mohamed Salah
92%
Paulo Dybala
92%
Lorenzo Pellegrini
85%
Miralem Pjanic
85%
Chris Smalling
81%
Daniele De Rossi
81%
Stephan El Shaarawy
77%
Gianluca Mancini
69%
Radja Nainggolan
69%
Georginio Wijnaldum
65%
Aleksandar Kolarov
62%
Cengiz Under
62%
Gervinho
62%
Jordan Veretout
62%
Konstantinos Manolas
62%
Leonardo Spinazzola
62%
Nicola Zalewski
62%
Alessandro Florenzi
58%
Borja Mayoral
58%
Bryan Cristante
58%
Kevin Strootman
58%
Nemanja Matic
58%
Nicolò Zaniolo
58%
Adem Ljajic
50%
Carles Perez
50%
Federico Fazio
50%
Juan Iturbe
50%
Medhi Benatia
50%
Seydou Doumbia
50%
Diego Perotti
46%
Eldor Shomurodov
46%
Javier Pastore
46%
Pedro
46%
Simone Perrotta
46%
Victor Ibarbo
46%
Erik Lamela
42%
Justin Kluivert
42%
Leandro Paredes
42%
Mattia Destro
42%
Nikola Kalinic
42%
Roger Ibanez
42%
Daniel Osvaldo
38%
Vasilis Torosidis
38%
Juan
31%
Marquinho
31%
Gerson
27%
Nicolas Burdisso
27%
Rodrigo Taddei
27%
Bojan Krkic
19%
Lucas Digne
19%
Sergio Oliveira
19%
Fabio Borini
15%
Panagiotis Tachtsidis
12%
Fabio Simplicio
0%

Score Distribution

Percentile by Number Answered

Percent of People with Each Score

Your Score History

You have not taken this quiz